| 000 | 00709nam a2200217 i 4500 | ||
|---|---|---|---|
| 001 | 189036 | ||
| 003 | ES-MaACL | ||
| 005 | 20240103130243.0 | ||
| 008 | 190325s1997 xxu |||| | eng d | ||
| 020 | _a0-684-81141-3 | ||
| 100 | 1 |
_aGreider, William. _9166665 |
|
| 245 | 1 | 0 |
_aOne world, ready or not _b: the manic logic of global capitalism / _cWilliam Greider. |
| 260 |
_aNew York : _bSimon & Schuster, _c[1997] |
||
| 300 |
_a528 p. ; _c24 cm. |
||
| 500 | _aÍndice. | ||
| 650 | 0 | 4 |
_aHistoria económica- _y1945- _913405 |
| 650 | 0 | 4 |
_aCapitalismo. _910760 |
| 852 |
_aES-MaACL _jA-14426 _9196172 _bR.151807 _cDEPO1 _dOlim: N-7426 _xEncuadernación en Cartoné |
||
| 942 | _2udc | ||
| 999 |
_c189036 _d189036 |
||